000 00621nam a2200253Ia 4500
003 OSt
005 20221006151418.0
006 a|||||r|||| 00| 0
007 ta
008 221006b |||||||| |||| 00| 0 eng d
020 _c
_1.70
024 _a21,997
037 _cTextual
040 _aEASL
_cEASL
_beng
041 _2eng
_aeng
082 _aP111:4k, 41K5
245 0 _aStudents English-Chinese dictionary
260 _aTaipei
_bFar East Book
_c1965
300 _a780p.
_ccm.
490 _v RR
650 _aCL
_9642733
942 _hP111:4k, 41K5
_cTEXL
_2CC
999 _c1090083
_d1090083